00292nam a2200133Ia 4500003000900000008004100009040001300050040001300063100002100076245002400097260002300121300000800144490000600152IT-RoPAU120407s9999 xx 000 0 und d aIT-RoPAU cIT-RoPAU aAlain Marchadour aVangelo di Giovanni aSan Paolo Edizioni c cm v1